000 00555cam a22001814a 4500
020 _a0078287324
040 _cDLC
082 0 0 _a620 MCG 2004 A039 Or.
100 1 _aManning, Darren J.
245 1 0 _aProject-based AutoCAD /
260 _aNew York, N.Y. :
_bMcGraw Hill, Glencoe,
_cc2004.
300 _a416 p. :
_bcol. ill. ;
_c26 cm.
500 _aIncludes index.
650 0 _aComputer graphics.
856 4 1 _uhttp://www.loc.gov/catdir/toc/mh041/2003276960.html
856 4 2 _uhttp://www.loc.gov/catdir/description/mh041/2003276960.html
942 _cEK
999 _c11784
_d11784